| 000 | 00481nam a2200169Ia 4500 | ||
|---|---|---|---|
| 008 | 190805s9999||||xx |||||||||||||| ||und|| | ||
| 020 |
_a9781906915292 _c£ 35.00 |
||
| 082 | 0 | 4 |
_a623.893 _bSq58 |
| 100 | 1 | _aSquire, David | |
| 245 | 1 | 4 |
_aThe Use of Visual Aids to Navigation / _cDavid Squire |
| 250 | _a2nd ed. | ||
| 260 |
_aLondon : _bThe Nautical Institute, _c2013 |
||
| 300 |
_a72 p. _b : _c; 24 cm. |
||
| 650 | 0 | _aAids to navigation | |
| 942 | _cBK | ||
| 999 |
_c133 _d133 |
||